000 00945cam a22002414a 4500
001 14023679
005 20210414114655.0
008 050701s2007 maua 001 0 eng
010 _a 2005018776
020 _aM10216
040 _aDLC
_cDLC
_dDLC
042 _apcc
050 0 0 _aQD261.W52
082 0 0 _a547
_222
110 _aWestern University, Canada
_bDepartment of Chemistry
245 1 0 _aOrganic chemistry of biological molecules. /
_cThe University of Western Ontario
246 _aChemistry 2223b
260 _aLondon, Canada:
_bWestern University,
_c2012.
300 _ax, various pagings :
_bill.;
505 _aContents: Chemistry laboratory safety regulations -- Safety compliance and waiver contracts -- Laboratory experiments -- Practice problems -- Past tests and exams -- Structures of amino acids, coenzymes, carbohydrates, and nucleobases --
650 0 _aChemistry, Organic
_vLaboratory manuals.
942 _2lcc
_cBK
999 _c7302
_d14802